Fotografía digital: El color.
Spremljeno u:
| Glavni autor: | |
|---|---|
| Daljnji autori: | |
| Format: | Knjiga |
| Jezik: | španjolski |
| Izdano: |
Köln, Alemania:
Evergreen; Taschen,
2006
|
| Teme: | |
| Oznake: |
Dodaj oznaku
Bez oznaka, Budi prvi tko označuje ovaj zapis!
|
MARC
| LEADER | 00000nam a2200000 a 4500 | ||
|---|---|---|---|
| 001 | UCI2741 | ||
| 003 | CL-VaPUC | ||
| 005 | 20250407202430.0 | ||
| 008 | 070907t20060000SP |||||||||||||||||spa|d | ||
| 999 | |c 327207 |d 327205 | ||
| 020 | |a 3-8228-5415-8 | ||
| 040 | |c Pontificia Universidad Católica de Valparaíso | ||
| 082 | 0 | 4 | |a 778.3 FRE 2006 |2 21 |
| 100 | 0 | |a Freeman, Michael |e autor |9 523916 | |
| 245 | 1 | 0 | |a Fotografía digital: |b El color. |
| 260 | |a Köln, Alemania: |b Evergreen; |b Taschen, |c 2006 | ||
| 300 | |a 160 páginas: |b fotografías. | ||
| 500 | |a c.3-c.4. Instituto Arcos.08-01-2025. | ||
| 583 | |a last modification |c 20070907 00:00:00 |k Rodrigo Vera | ||
| 650 | 0 | |a Fotografía en colores |9 896432 |x Técnicas digitales | |
| 650 | 0 | |a Fotografía digital |9 895826 |x Edición y retoques | |
| 700 | |9 896450 |a Franch Ribes, Carme |e traducción del inglés | ||
| 942 | |c BK |2 ddc |n 0 | ||
| 945 | |d 20070907 00:00:00 |a jtorresc | ||
| 952 | |0 0 |1 0 |4 0 |6 778_300000000000000_FRE_2006 |7 0 |8 A |9 409748 |a BIBARQ |b BIBARQ |d 2019-11-22 |i 4369378 |l 2 |o 778.3 FRE 2006 |p 4369378 |r 2025-01-20 |s 2023-09-05 |w 2019-11-22 |y BK |k ARQ | ||
| 952 | |0 0 |1 0 |4 0 |6 778_300000000000000_FRE_2006 |7 0 |8 A |9 409749 |a BIBARQ |b BIBARQ |d 2019-11-22 |i 4369386 |l 1 |o 778.3 FRE 2006 |p 4369386 |r 2025-01-20 |s 2023-11-24 |w 2019-11-22 |y BK |k ARQ | ||
| 952 | |0 0 |1 0 |2 ddc |4 0 |6 778_300000000000000_FRE_2006 |7 0 |8 A |9 600797 |a BIBINC |b BIBINC |d 2025-03-10 |e Instituto Arcos |i 5665621 |o 778.3 FRE 2006 |p 5665621 |r 2025-03-10 |t 3 |w 2025-03-10 |y BK |k IFP | ||
| 952 | |0 0 |1 0 |2 ddc |4 0 |6 778_300000000000000_FRE_2006 |7 0 |8 A |9 600798 |a BIBINC |b BIBINC |d 2025-03-10 |e Instituto Arcos |i 5665622 |o 778.3 FRE 2006 |p 5665622 |r 2025-03-10 |t 4 |w 2025-03-10 |y BK |k IFP | ||